Statistics for Questions that are Easy, but Strangely Confusing #4

Click here to take the quiz!

General Stats

  • This quiz has been taken 46 times
  • The average score is 8 of 16

Answer Stats

HintAnswer% Correct
What occurs once in a minute, twice in a moment, and never in one thousand years?M
92%
What 5-letter word becomes shorter when you add two letters to it?Short
84%
What has a head, a tail, but does not have a body?Coin
82%
I’m light as a feather, but not even the strongest people can hold it for six hours. In fact, this is the last thing everybody holds before they die.Breath
76%
You are driving a bus. When you begin your route, there is an old woman named Mrs. Smith and a young boy named Raymond are on the bus. At the first stop, the old woman leaves, and a salesman, named Ed, enters. At the next stop, Jack and his sister Jill get on, as well as three women with shopping bags. The bus travels fifteen minutes, then stops and Raymond gets off and a man and his wife get on. Next, a woman with a bird in a cage gets on the bus. Who is the bus driver?You
76%
Even if I'm an odd number, I will turn even if you take out a letter.Seven
61%
I’m so fragile that if you say my name, you’ll break me.Silence
61%
What gets sharper the more you use it?Brain
58%
What goes up as soon as the rain comes down?Umbrella
53%
What runs, but never walks. Murmurs, but never talks. Has a bed, but never sleeps. And has a mouth, but never eats?River
50%
Robert, my neighbor, a forty-five-year-old blacksmith is seven feet tall, and eats all day long. What does he weigh?Iron
37%
What is full of holds but after all, it can hold liquid?Sponge
32%
What can you hold with so many other people at the same time but never actually touch it?Conversation
21%
What two words, when combined, hold the most letters?Post Office
18%
Everyone can make this, but nobody can see what they made. However, other people and themselves know that they made this.Noise
11%
The more you take, the more you leave behind.Footprint
8%

Score Distribution

Percentile by Number Answered

Percent of People with Each Score

Your Score History

You have not taken this quiz